000 00717cam a2200289 4500
008 090401t1991 xxu||||| |||| 00| 0 eng d
020 _a0721910815
035 _a(Sirsi) u22730
041 _aeng
050 _a630
110 _aNational Farmers' Union
_9456
245 _aFarm-gate sales to the public.
250 _a2nd ed.
260 _aCrayford, Kent
_bShaw & Sons Ltd.
_c1991
300 _a54p. ; 20cm.
350 _a10.95
490 _aNFU Legal Guide
650 _aALTERNATIVE ENTERPRISES
650 _aFARM SHOPS
650 _aFARM-GATE SALES
650 _aFARMING
650 _aLAW
650 _aPICK-YOUR-OWN SELLING
690 _aRURAL PRACTICE
942 _n0
948 _c04/03/1997
999 _c88238
_d88238